000 00533nam a2200133Ia 4500
005 20260209120153.0
008 260209s9999||||xx |||||||||||||| ||und||
100 _aAkash Thakur
245 0 _aRecalibrating competition law for the digital era : a critical analysis of India's proposed digital competition bill
260 _aBangaloreBangalore
_bNLSIU, Bangalore
_c2024 - 2025
300 _a28 p. ; 25 cm.
700 _aMr. Rahul Singh - SupervisorMr. Rahul Singh - Supervisor
856 _uhttps://dans.nls.ac.in/handle/123456789/2506
999 _c217798
_d217798